00570cam a22002291 4500001001300000003000400013005001700017008004100034010001700075035002000092040001800112042001200130043001200142050001600154100003000170245003400200260001100234300001500245500001600260650004700276999001700323sa 66007951 DLC20260227112309.0890425m19659999ii 000 0 beno  asa 66007951  a(OCoLC)19601593 aDLCcWaUdDLC apremarc aa-ii---00aPK1701b.R61 aRoy, Kalidas,d1889-1975.10aBaṅga-sāhitya-paricaẏa. c[1965- av.c23 cm. aIn Bengali. 0aBengali literaturexHistory and criticism. c71526d71526